| 000 | 00551nam a2200181 a 4500 | ||
|---|---|---|---|
| 005 | 20140412111308.0 | ||
| 008 | 001117s19uu xx 00 eng d | ||
| 020 | _a0-8172-2614-1 | ||
| 050 |
_aREF 520 _bOu1 1986 |
||
| 245 | _aOuter space. | ||
| 300 | _a78 p. ; col. ; ill. | ||
| 440 | _aLet's Discover, 15 | ||
| 500 | _aBibliography: p. 68. Inlcudes index | ||
| 520 | _aA Reference book dealing with the solar system, the universe, astronomy and space travel. | ||
| 650 | _aSpace--Study and teaching | ||
| 650 | _aAstronomy | ||
| 999 |
_c103838 _d103838 |
||